[Event "Int. Championship of Central Serbia - OP"]
[Site "Paracin"]
[Date "2011.07.08"]
[Round "1.32"]
[White "Stankovic, Milos"]
[Black "Milosevic, Rade"]
[Result "1-0"]
[WhiteElo "2364"]
[BlackElo "2105"]
[PlyCount "63"]
[EventDate "2011.07.08"]

1. e4 c6 2. d4 d5 3. e5 Bf5 4. h4 h5 5. c4 dxc4 6. Bxc4 e6 7. Nc3 Nd7 8. Nge2
Nb6 9. Bb3 Nd5 10. Ng3 Nxc3 11. bxc3 Bg6 12. Bg5 Qa5 13. Qf3 Ne7 14. O-O Nf5
15. Ne4 Ba3 16. Rab1 Qc7 17. Bc2 Be7 18. Bxe7 Qxe7 19. Nd6+ Nxd6 20. exd6 Qd7
21. Bxg6 fxg6 22. c4 O-O-O 23. c5 Kb8 24. Qe4 g5 25. hxg5 Ka8 26. Rfe1 Rde8 27.
Re3 Rhf8 28. Qg6 Rf4 29. Rbe1 b5 30. Rxe6 Rxe6 31. Rxe6 Rxd4 32. Re8+ 1-0

[Event "Int. Championship of Central Serbia - OP"]
[Site "Paracin"]
[Date "2011.07.08"]
[Round "1.33"]
[White "Pregarac, Valter"]
[Black "Martic, Ivan"]
[Result "0-1"]
[WhiteElo "2105"]
[BlackElo "2347"]
[PlyCount "102"]
[EventDate "2011.07.08"]

1. d4 Nf6 2. Nf3 g6 3. Nbd2 Bg7 4. e4 d6 5. Be2 O-O 6. O-O Nc6 7. c3 e5 8. dxe5
dxe5 9. Qc2 Nh5 10. Re1 Nf4 11. Bf1 h6 12. b3 Qf6 13. Ba3 Re8 14. Kh1 Bg4 15.
Ng1 Rad8 16. f3 Bc8 17. Nc4 h5 18. Rad1 h4 19. Ne3 Bf8 20. Bxf8 Kxf8 21. Bb5
Kg7 22. Rxd8 Rxd8 23. Rd1 Rh8 24. Nd5 Nxd5 25. Rxd5 Nd8 26. Rd1 Ne6 27. Bd7 Nf4
28. Bxc8 Rxc8 29. Qf2 Rd8 30. Rxd8 Qxd8 31. Qc2 c6 32. Ne2 Ne6 33. g3 Qb6 34.
Kg2 h3+ 35. Kf1 Qe3 36. Ng1 Ng5 37. Qe2 Qc1+ 38. Kf2 Qxc3 39. g4 Qc1 40. Qe3
Qb2+ 41. Qe2 Qa1 42. a4 a5 43. Qe3 Qb2+ 44. Ne2 Ne6 45. Qc3 Qxc3 46. Nxc3 Nd4
47. Kg3 g5 48. Kxh3 Nxb3 49. Kg3 Nd4 50. Kf2 Kf6 51. Ke3 Ke6 0-1

[Event "Int. Championship of Central Serbia - OP"]
[Site "Paracin"]
[Date "2011.07.08"]
[Round "1.34"]
[White "Tosic, Srecko"]
[Black "Radovanovic, Nikola"]
[Result "1-0"]
[WhiteElo "2342"]
[BlackElo "2096"]
[PlyCount "117"]
[EventDate "2011.07.08"]

1. e4 e5 2. Nf3 Nc6 3. Bb5 Bc5 4. O-O Qf6 5. d3 h6 6. Be3 Bb6 7. a4 Nge7 8. Nc3
O-O 9. h3 d6 10. Bxc6 bxc6 11. a5 Bxe3 12. fxe3 Qg6 13. Kh2 f5 14. exf5 Bxf5
15. e4 Bd7 16. Qd2 c5 17. Rf2 Rf6 18. Raf1 Raf8 19. Nh4 Qg5 20. Qxg5 hxg5 21.
Rxf6 Rxf6 22. Rxf6 gxf6 23. Nf3 a6 24. Nd2 Be6 25. Nc4 Kf7 26. Ne3 Kg6 27. Kg1
Kh5 28. Kf2 Kh4 29. Nf5+ Bxf5 30. exf5 g4 31. Ne4 gxh3 32. gxh3 Kxh3 33. Nxf6
Nxf5 34. Ne8 Nd4 35. Nxc7 Nc6 36. Kf3 Nxa5 37. Ke4 Nc6 38. Nxa6 Nd4 39. Kd5 Nf5
40. c3 Kg4 41. Nxc5 dxc5 42. Kxe5 Kg5 43. b3 Kg6 44. Kd5 Kf6 45. Kxc5 Ke6 46.
b4 Kd7 47. b5 Nd6 48. c4 Kc7 49. Kd5 Kd7 50. d4 Nf7 51. c5 Nd8 52. b6 Nc6 53.
Kc4 Kc8 54. d5 Ne5+ 55. Kb5 Nf7 56. d6 Kb8 57. d7 Nd8 58. c6 Ne6 59. Kc4 1-0

[Event "Int. Championship of Central Serbia - OP"]
[Site "Paracin"]
[Date "2011.07.08"]
[Round "1.35"]
[White "Shabanaj, Eglantina"]
[Black "Brankovic, Dejan"]
[Result "0-1"]
[WhiteElo "2084"]
[BlackElo "2338"]
[PlyCount "70"]
[EventDate "2011.07.08"]

1. e4 c5 2. Nf3 Nc6 3. d4 cxd4 4. Nxd4 Nf6 5. Nc3 e6 6. Nb3 Bb4 7. Bd2 O-O 8.
Qe2 d5 9. f3 e5 10. exd5 Nd4 11. Nxd4 exd4 12. Ne4 Bxd2+ 13. Qxd2 Nxe4 14. fxe4
Qh4+ 15. Kd1 Qxe4 16. Bc4 Re8 17. h3 Bf5 18. Rf1 Bg6 19. Rf4 Qe5 20. Rxd4 Qg3
21. b3 a6 22. a4 Re5 23. Kc1 Rf5 24. Rg4 Qe5 25. Kb1 h5 26. Rd4 Qf6 27. Re4 Rd8
28. Ka2 b5 29. axb5 axb5 30. Bxb5 Rdxd5 31. Re8+ Kh7 32. Qc1 Rxb5 33. Kb1 Rf1
34. Re1 Rxb3+ 35. Ka2 Rxe1 0-1

[Event "Int. Championship of Central Serbia - OP"]
[Site "Paracin"]
[Date "2011.07.08"]
[Round "1.37"]
[White "Bolt, Graham"]
[Black "Savicevic, Vlatko"]
[Result "0-1"]
[WhiteElo "2074"]
[BlackElo "2334"]
[PlyCount "92"]
[EventDate "2011.07.08"]

1. g3 d5 2. Bg2 c6 3. d3 e5 4. Nf3 Qc7 5. e4 dxe4 6. dxe4 Nf6 7. Qe2 Bg4 8. O-O
Nbd7 9. h3 Bh5 10. g4 Bg6 11. Nh4 Bc5 12. a4 O-O 13. Na3 Rfe8 14. c3 a5 15. Nc2
Nf8 16. b4 axb4 17. cxb4 Ba7 18. Kh1 Ne6 19. Nxg6 hxg6 20. Qc4 Rad8 21. a5 Nf4
22. b5 Qc8 23. b6 Bb8 24. f3 Re6 25. Be3 Ne8 26. Nb4 Nd6 27. Qa2 Nb5 28. Rfc1
Nd4 29. a6 bxa6 30. Nxa6 Bd6 31. Nc5 Bxc5 32. Rxc5 Re7 33. Ra5 Rb7 34. Rxe5 Nd3
35. Ra5 c5 36. Qa3 Nc2 37. Ra8 Rb8 38. Rxb8 Qxb8 39. Qa7 Nxa1 40. Qxa1 Qxb6 41.
f4 Qb4 42. Kh2 Ne1 43. Bf1 Nc2 44. Qc1 Nxe3 45. Qxe3 c4 46. f5 c3 0-1

[Event "Int. Championship of Central Serbia - OP"]
[Site "Paracin"]
[Date "2011.07.08"]
[Round "1.38"]
[White "Djurovic, Goran"]
[Black "Miladinovic, Lena"]
[Result "1/2-1/2"]
[WhiteElo "2328"]
[BlackElo "2074"]
[PlyCount "57"]
[EventDate "2011.07.08"]

1. g3 Nf6 2. Bg2 e5 3. c4 c6 4. d4 Bb4+ 5. Bd2 Bxd2+ 6. Qxd2 d6 7. Nc3 O-O 8.
e3 Qe7 9. Nge2 Re8 10. O-O Nbd7 11. h3 h5 12. Rae1 Nf8 13. f4 exd4 14. Nxd4 d5
15. cxd5 cxd5 16. Kh2 h4 17. g4 Ne4 18. Bxe4 dxe4 19. Qf2 Bd7 20. Rg1 Rad8 21.
Ref1 b5 22. g5 b4 23. Nce2 Ng6 24. f5 Ne5 25. Qxh4 Nf3+ 26. Nxf3 exf3 27. Rxf3
Qe5+ 28. Qg3 Qxb2 29. Rg2 1/2-1/2

[Event "Int. Championship of Central Serbia - OP"]
[Site "Paracin"]
[Date "2011.07.08"]
[Round "1.39"]
[White "Zajic, Milan"]
[Black "Kislik, Erik Andrew"]
[Result "1/2-1/2"]
[WhiteElo "2074"]
[BlackElo "2328"]
[PlyCount "233"]
[EventDate "2011.07.08"]

1. e4 e5 2. Nf3 Nc6 3. Bb5 a6 4. Ba4 Nf6 5. d3 b5 6. Bb3 Be7 7. c3 O-O 8. Nbd2
d6 9. Nf1 Na5 10. Bc2 c5 11. Ng3 Nc6 12. O-O Re8 13. h3 Bf8 14. a4 b4 15. Re1
Rb8 16. d4 Qc7 17. d5 bxc3 18. bxc3 Na5 19. Be3 g6 20. Nd2 Nd7 21. Qe2 Nb6 22.
Nb3 Nxd5 23. exd5 Nxb3 24. Rab1 c4 25. Ne4 Be7 26. Nd2 Nxd2 27. Qxd2 Bd7 28.
Kh2 Rec8 29. f4 f5 30. fxe5 Rxb1 31. Rxb1 dxe5 32. d6 Qxd6 33. Qxd6 Bxd6 34.
Rd1 Rc6 35. a5 e4+ 36. Kg1 Bc5 37. Bxc5 Rxc5 38. Rxd7 Rxa5 39. Bd1 Ra3 40. Be2
Rxc3 41. Re7 a5 42. Ra7 Rc2 43. Kf2 Ra2 44. Rc7 Rc2 45. Ra7 h5 46. Rxa5 Kg7 47.
h4 c3 48. Rc5 Rc1 49. Rc6 c2 50. Rc7+ Kf6 51. Rc8 f4 52. Rc6+ Ke5 53. Rc8 Kd5
54. Rd8+ Kc5 55. Rc8+ Kd6 56. Rc3 Rh1 57. Rxc2 Rxh4 58. Rc4 e3+ 59. Kf3 g5 60.
Rc8 Rg4 61. Bf1 Rg3+ 62. Ke2 Ke5 63. Rh8 h4 64. Re8+ Kf5 65. Rf8+ Kg6 66. Rh8
Kg7 67. Rh5 Rg4 68. Kf3 Rg3+ 69. Ke2 Kg8 70. Rh6 Kf7 71. Rh7+ Kf6 72. Rh6+ Kf5
73. Rh8 Kg4 74. Rg8 Kh5 75. Rf8 h3 76. Rh8+ Kg4 77. gxh3+ Kf5 78. Rf8+ Ke4 79.
Re8+ Kf5 80. Rf8+ Kg6 81. Rg8+ Kf7 82. Rh8 Rg1 83. Ra8 Kg6 84. Rg8+ Kf6 85.
Rf8+ Ke7 86. Ra8 Kf7 87. Ra6 Kg7 88. Rb6 Rh1 89. Bg2 Rg1 90. Bf3 Rg3 91. Bg4
Rg2+ 92. Ke1 Rf2 93. Rb5 Kf6 94. Rf5+ Kg6 95. Rf8 Rb2 96. Rf5 Rb8 97. Ke2 Rd8
98. Ke1 Rd6 99. Rf8 Rd5 100. Ke2 Ra5 101. Ke1 Kg7 102. Rf5 Ra1+ 103. Ke2 Kg6
104. Rf8 Rh1 105. Rf5 Rh2+ 106. Ke1 Rb2 107. Rf8 Rf2 108. Rf5 Rg2 109. Rf8 Ra2
110. Rf5 Ra8 111. Ke2 Re8 112. Ra5 Rf8 113. Ra6+ Kg7 114. Ra5 Kg6 115. Ra6+ Kg7
116. Ra5 Kg6 117. Ra6+ 1/2-1/2

[Event "Int. Championship of Central Serbia - OP"]
[Site "Paracin"]
[Date "2011.07.08"]
[Round "1.40"]
[White "Doric, Nenad"]
[Black "Rodic, Dragan"]
[Result "1-0"]
[WhiteElo "2322"]
[BlackElo "2063"]
[PlyCount "105"]
[EventDate "2011.07.08"]

1. d4 d5 2. c4 e6 3. Nc3 Nf6 4. cxd5 exd5 5. Bg5 Be7 6. e3 O-O 7. Bd3 Re8 8.
Qc2 Nbd7 9. Nf3 Nf8 10. h3 c6 11. Bf4 Bd6 12. Bxd6 Qxd6 13. O-O-O Qe7 14. g4 b6
15. Ne5 Bb7 16. g5 N6d7 17. Nxd7 Qxd7 18. h4 Qe7 19. Rhg1 Rec8 20. h5 c5 21.
Bf5 Rc7 22. Kb1 g6 23. hxg6 fxg6 24. Bh3 a6 25. dxc5 Rxc5 26. Rd4 Bc8 27. Bxc8
Raxc8 28. Qb3 Ne6 29. Rxd5 R5c6 30. f4 Kh8 31. Re5 Qd7 32. Rd1 Qf7 33. Qd5 Nd8
34. Qxf7 Nxf7 35. Re7 Nd6 36. Re6 Nc4 37. Rxc6 Rxc6 38. Rd8+ Kg7 39. Rd7+ Kg8
40. e4 Na3+ 41. Kc1 b5 42. Kd2 Nc4+ 43. Ke2 Nxb2 44. Nd5 Rc2+ 45. Kf3 Nc4 46.
Nf6+ Kf8 47. Nxh7+ Kg8 48. Nf6+ Kf8 49. e5 Rc3+ 50. Ke4 Re3+ 51. Kd4 Re1 52.
Ra7 Rd1+ 53. Kc5 1-0

[Event "Int. Championship of Central Serbia - OP"]
[Site "Paracin"]
[Date "2011.07.08"]
[Round "1.41"]
[White "Osmanovic, Faruk"]
[Black "Popovic, Aleksandar M"]
[Result "0-1"]
[WhiteElo "2053"]
[BlackElo "2321"]
[PlyCount "74"]
[EventDate "2011.07.08"]

1. e4 e5 2. Nf3 Nc6 3. Bc4 d6 4. d4 exd4 5. Nxd4 Be7 6. Nc3 Nf6 7. Bf4 O-O 8.
f3 Nh5 9. Be3 Bg5 10. Qd2 Bxe3 11. Qxe3 Qh4+ 12. Kd2 Nxd4 13. Qxd4 Qg5+ 14. Qe3
Qxg2+ 15. Kd3 c6 16. Rag1 Qh3 17. Kd2 b5 18. Bb3 a5 19. a4 bxa4 20. Bxa4 Rb8
21. Bxc6 Rxb2 22. Nd5 Be6 23. Nf4 Nxf4 24. Qxf4 g6 25. Rg3 Qh5 26. Rg5 Qh6 27.
Rhg1 Qg7 28. Qxd6 Rc8 29. Rc5 Rb6 30. Rgg5 Rbxc6 31. Rxc6 Rxc6 32. Qxc6 Qd4+
33. Ke2 Bc4+ 34. Ke1 Qe3+ 35. Kd1 Be2+ 36. Ke1 Bxf3+ 37. Kf1 Qe2+ 0-1

[Event "Int. Championship of Central Serbia - OP"]
[Site "Paracin"]
[Date "2011.07.08"]
[Round "1.45"]
[White "Perunovic, Ljubivoje"]
[Black "Toth, Aleksandar"]
[Result "1/2-1/2"]
[WhiteElo "2006"]
[BlackElo "2315"]
[PlyCount "143"]
[EventDate "2011.07.08"]

1. d4 d5 2. Bf4 Nf6 3. e3 g6 4. Nf3 Bg7 5. c4 O-O 6. Nc3 c6 7. h3 dxc4 8. Bxc4
Nbd7 9. O-O Nb6 10. Bb3 Nfd5 11. Bh2 a5 12. a4 Nc7 13. Qe2 Nbd5 14. e4 Nb4 15.
Rfd1 e6 16. Rac1 b6 17. d5 exd5 18. Bxc7 Qxc7 19. Nxd5 Qb7 20. Nxb4 axb4 21.
Nd4 Bd7 22. Qd2 c5 23. Bd5 Qb8 24. Bxa8 Bxd4 25. Bd5 Bxa4 26. b3 Bd7 27. Qe2
Qf4 28. Rc2 Re8 29. Ra2 Be6 30. Qd2 Qe5 31. Bxe6 Qxe6 32. Qd3 Qxe4 33. Qxe4
Rxe4 34. Kf1 Re6 35. Ra8+ Kg7 36. Rb8 Bc3 37. Rb7 h5 38. f3 h4 39. Rdd7 Rf6 40.
Ke2 g5 41. Kd3 Be1 42. Kc4 Bf2 43. Kb5 Rf5 44. Rd2 Be3 45. Rd3 Bd4 46. Kc4 Re5
47. Rd2 Re3 48. Rc2 Kg6 49. Rxb6+ Kf5 50. Rd6 Kf4 51. Rd7 f6 52. Ra7 Kg3 53.
Raa2 Re1 54. Kd5 Rb1 55. Kc4 Rf1 56. Kd3 f5 57. Ra8 Rd1+ 58. Kc4 Be3 59. Re2
Rc1+ 60. Kd5 Rc3 61. Ke6 Rxb3 62. Kxf5 c4 63. Rc8 Rc3 64. Rxe3 Rxe3 65. Rxc4
Kxg2 66. Rxb4 Kxh3 67. Kxg5 Re5+ 68. Kf6 Rh5 69. f4 Kg3 70. f5 h3 71. Kg6 h2
72. Rb1 1/2-1/2

[Event "Int. Championship of Central Serbia - OP"]
[Site "Paracin"]
[Date "2011.07.08"]
[Round "1.46"]
[White "Ravic, Nenad"]
[Black "Ivanovic, Andrej"]
[Result "1/2-1/2"]
[WhiteElo "2311"]
[BlackElo "2001"]
[PlyCount "63"]
[EventDate "2011.07.08"]

1. e4 e6 2. d4 d5 3. Nc3 Bb4 4. e5 b6 5. a3 Bf8 6. f4 Nh6 7. Bb5+ c6 8. Bd3 Ba6
9. Nf3 Bxd3 10. Qxd3 Nf5 11. Ne2 Be7 12. g4 Nh4 13. Ng3 c5 14. c3 Nxf3+ 15.
Qxf3 cxd4 16. cxd4 Nc6 17. Be3 Na5 18. O-O Rc8 19. f5 Kd7 20. fxe6+ fxe6 21.
Qf7 Rg8 22. Nh5 Qf8 23. Bg5 Nb7 24. Rf2 Nd8 25. Qxf8 Rxf8 26. Rxf8 Bxf8 27. Rf1
Ke8 28. Bf6 gxf6 29. Nxf6+ Ke7 30. Ng8+ Ke8 31. Nf6+ Ke7 32. Ng8+ 1/2-1/2

[Event "Int. Championship of Central Serbia - OP"]
[Site "Paracin"]
[Date "2011.07.08"]
[Round "1.47"]
[White "Prijovic, Bojan"]
[Black "Dinic, Dragan"]
[Result "1/2-1/2"]
[WhiteElo "1957"]
[BlackElo "2297"]
[PlyCount "75"]
[EventDate "2011.07.08"]

1. e4 e5 2. Nf3 Nc6 3. d4 exd4 4. Nxd4 Nxd4 5. Qxd4 Ne7 6. Bc4 Nc6 7. Qd5 Qf6
8. O-O Ne5 9. Be2 c6 10. Qd2 Bc5 11. Qg5 Qxg5 12. Bxg5 O-O 13. Kh1 d6 14. Nd2
f5 15. f3 Be6 16. exf5 Bxf5 17. Ne4 Rae8 18. Nxc5 dxc5 19. Rac1 b5 20. Rfe1 a5
21. Bf4 Nf7 22. Bc7 a4 23. Kg1 Re7 24. Bg3 Rfe8 25. Kf2 c4 26. b3 c3 27. bxa4
bxa4 28. Bc4 Rxe1 29. Rxe1 Rxe1 30. Kxe1 Bxc2 31. Be5 Bd3 32. Bxf7+ Kxf7 33.
Bxc3 g5 34. Kd2 Bc4 35. a3 Ke6 36. Ke3 h5 37. g3 Bb5 38. h4 1/2-1/2

[Event "Int. Championship of Central Serbia - OP"]
[Site "Paracin"]
[Date "2011.07.08"]
[Round "1.48"]
[White "Milosevic, Aleksandar"]
[Black "Mijatovic, Bosko"]
[Result "1-0"]
[WhiteElo "2295"]
[BlackElo "1956"]
[PlyCount "145"]
[EventDate "2011.07.08"]

1. Nf3 Nc6 2. d4 d5 3. e3 Bg4 4. Bb5 e6 5. Bxc6+ bxc6 6. c4 Bxf3 7. Qxf3 Bb4+
8. Bd2 Bxd2+ 9. Nxd2 Ne7 10. Rc1 O-O 11. O-O a5 12. Rc2 Qd6 13. cxd5 cxd5 14.
Rfc1 c6 15. Qe2 f6 16. Rc5 Rfb8 17. Nb1 e5 18. dxe5 fxe5 19. R5c2 g6 20. Nc3 a4
21. Qd1 a3 22. b3 Rb4 23. Na4 Ra5 24. Nc5 Rbb5 25. Ne4 Qe6 26. Nc3 Rb8 27. e4
dxe4 28. Nxe4 Rd5 29. Qg4 Qxg4 30. Nf6+ Kf7 31. Nxg4 Ke6 32. Kf1 h5 33. Ne3
Rdb5 34. Ke1 Rd8 35. Rc4 Rd4 36. R4c2 Rd8 37. h3 Rc8 38. Rc5 Rbb8 39. R5c4 Ra8
40. g3 Kd6 41. Re4 Ke6 42. f4 Kf6 43. Kf2 exf4 44. Rxf4+ Kg7 45. Re4 Rc7 46.
Rd1 Nd5 47. Nxd5 cxd5 48. Red4 Rac8 49. R1d2 Kf6 50. Ra4 Ke5 51. Re2+ Kd6 52.
Rxa3 Rc5 53. Ra6+ R8c6 54. Ra8 Rc7 55. Rf8 Rc2 56. Rf6+ Kd7 57. Rxg6 Rxe2+ 58.
Kxe2 Rc2+ 59. Kd3 Rxa2 60. Rg5 h4 61. gxh4 Kd6 62. h5 Rf2 63. Rg3 Rf5 64. h4
Rf4 65. Rh3 Kc5 66. h6 Rf6 67. h7 Rh6 68. h5 Rxh7 69. h6 Rb7 70. Kc2 Rh7 71.
Kc3 d4+ 72. Kd3 Rb7 73. Rh5+ 1-0

[Event "Int. Championship of Central Serbia - OP"]
[Site "Paracin"]
[Date "2011.07.08"]
[Round "1.49"]
[White "Markoja, Boris"]
[Black "Stanojevic, Branko"]
[Result "1-0"]
[WhiteElo "1944"]
[BlackElo "2292"]
[PlyCount "79"]
[EventDate "2011.07.08"]

1. e4 e6 2. d4 d5 3. e5 c5 4. c3 Nc6 5. Nf3 Bd7 6. a3 a5 7. Bd3 Qb6 8. Bc2 Qa6
9. Nbd2 cxd4 10. cxd4 Rc8 11. Nf1 Nge7 12. Ne3 h6 13. Ng1 Na7 14. Ne2 Bb5 15.
Nc3 Bc4 16. Nxc4 Qxc4 17. Be3 Qc7 18. O-O g6 19. Rc1 Bg7 20. Bd3 Qd7 21. Qd2 h5
22. Bg5 O-O 23. Bf6 Nf5 24. Bb1 Nc6 25. Bxf5 exf5 26. Na4 Rc7 27. Rc5 Bxf6 28.
exf6 Qd6 29. Nb6 Nxd4 30. Rxc7 Qxb6 31. Rc3 Re8 32. Re3 Rxe3 33. Qxe3 Qxf6 34.
Rd1 Nc6 35. Qd2 a4 36. Qc2 f4 37. Rxd5 f3 38. gxf3 Qxf3 39. Rd3 Qf4 40. Re3 1-0

[Event "Int. Championship of Central Serbia - OP"]
[Site "Paracin"]
[Date "2011.07.08"]
[Round "1.50"]
[White "Ganaus, Hannes"]
[Black "Gjergji, Rozana"]
[Result "1-0"]
[WhiteElo "2287"]
[BlackElo "1937"]
[PlyCount "41"]
[EventDate "2011.07.08"]

1. Nf3 Nf6 2. d4 d5 3. e3 e6 4. c4 b6 5. Qa4+ Bd7 6. Qc2 Nc6 7. Nc3 dxc4 8.
Bxc4 Nb4 9. Qe2 c5 10. O-O Nc6 11. Rd1 cxd4 12. exd4 Be7 13. d5 exd5 14. Nxd5
Nxd5 15. Bxd5 Rc8 16. Bg5 h6 17. Bh4 g5 18. Bg3 O-O 19. Rac1 Qe8 20. Qd3 Nb4
21. Qg6+ 1-0

[Event "Int. Championship of Central Serbia - OP"]
[Site "Paracin"]
[Date "2011.07.08"]
[Round "1.53"]
[White "Todorovic, Nenad I"]
[Black "Nenezic, Marko"]
[Result "0-1"]
[WhiteElo "1884"]
[BlackElo "2274"]
[PlyCount "68"]
[EventDate "2011.07.08"]

1. e4 c5 2. Nf3 d6 3. d4 cxd4 4. Nxd4 Nf6 5. Nc3 a6 6. Rg1 e6 7. g4 d5 8. exd5
Nxd5 9. Nxd5 Qxd5 10. Be3 Be7 11. Qd2 O-O 12. Bg2 Qc4 13. Qe2 Bb4+ 14. Kd1 Qc7
15. c3 Be7 16. Kc2 Bd7 17. Be4 Nc6 18. Rad1 Rad8 19. g5 e5 20. Nf5 Bxf5 21.
Bxf5 Nd4+ 22. Bxd4 exd4 23. Bxh7+ Kxh7 24. Qh5+ Kg8 25. Rd3 Qf4 26. Rh3 Qf5+
27. Kc1 f6 28. gxf6 Qf4+ 29. Kb1 Bxf6 30. Qh7+ Kf7 31. Qh5+ Ke7 32. Re1+ Kd7
33. Qd5+ Kc8 34. Qc5+ Kb8 0-1